Countries recognized by Bhutan - Statistics

General Stats
  • This quiz has been taken 72 times
    32 since last reset
  • The average score is 29 of 54
Answers on the Map
Answers color-coded by a green-red scale on the quiz's map according to % correct below.
 
Answer Stats
Answer % Correct
India
100%
Nepal
96%
Pakistan
84%
Australia
80%
Canada
80%
Argentina
76%
Bangladesh
76%
Brazil
76%
Japan
76%
Myanmar
76%
Afghanistan
72%
Thailand
72%
Vietnam
72%
Indonesia
68%
Spain
68%
Finland
64%
Oman
64%
Colombia
60%
Egypt
60%
Germany
60%
Mongolia
60%
Norway
60%
South Korea
60%
Sweden
60%
Cuba
56%
Kazakhstan
56%
Sri lanka
56%
Belgium
52%
Israel
52%
UAE
52%
Austria
48%
Malaysia
48%
Maldives
48%
Morocco
48%
Netherlands
48%
Poland
48%
Serbia
44%
Bahrain
40%
Costa Rica
40%
Czechia
40%
Singapore
40%
Andorra
36%
Armenia
36%
Denmark
36%
Luxembourg
36%
Azerbaijan
32%
Kuwait
32%
Slovakia
32%
Slovenia
28%
Fiji
24%
Mauritius
20%
Eswatini
16%
Swaziland
16%
Lesotho
12%
No matching quizzes found
Score Distribution
Percent of People with Each Score
Percentile by Number Answered
Your Score History
You have not taken this quiz since the last reset